Responses for Show #3378 - Wednesday, April 21, 1999

Contestants

[<< previous game]

Susan Hawks Wheeler, a communications director originally from Blackfoot, Idaho

Edgar Smith, Jr., a math instructor from Houston, Texas

Maria Valgenti, an administrative assistant from Boston, Massachusetts

[next game >>]

Jeopardy! Round responses

AROUND THE WORLD
OH, DADDY!
1820s AMERICA
ANIMAL ALBUM
LITERARY SAN FRANCISCO
ANAGRAMMED MUSICALS
    $100 11
Vienna

Maria
    $100 17
Daddy Warbucks

Susan
    $100 2
Erie Canal

Edgar
    $100 16
Llama

Susan
    $100 24
Dylan Thomas

Edgar
    $100 1
Cats

Edgar
    $200 12
Turkey

Edgar
    $200 18
Cat on a Hot Tin Roof

Susan
    $200 3
Pikes Peak

Edgar
    $200 21
Yak

Susan
    $200 27
"The Maltese Falcon"

Triple Stumper
    $200 7
Mame

Maria
    $300 13
(S: What is Norway?)

Canada

Susan
Triple Stumper
    $300 19
Fleetwood Mac

Edgar
    $300 4
Marquis de Lafayette

Edgar
    $300 23
Jackal

Triple Stumper
    $300 28
Jack Kerouac

Maria
    $300 8
(Alex: Once you get it, it's great! Go again.)

Cabaret

Maria
    $400 14
(M: What is the Gobi?)

Kalahari

MariaEdgar
    $800 20
Make Room for Daddy

Edgar
    $400 5
Missouri

Triple Stumper
    $400 25
Leopard

Edgar
    $400 29
Rudyard Kipling

Susan
    $400 9
Show Boat

Maria
    $500 15
Poland

Triple Stumper
    $500 22
Lyndon B. Johnson

Triple Stumper
    $500 6
Andrew Jackson

Edgar
    $500 26
(less than a minute to go...)

Sloth

Maria
    $500 30
Tom Wolfe

Triple Stumper
    $500 10
Sweet Charity

Triple Stumper

Scores at the first commercial break (after clue 15):

Maria Edgar Susan
$600 $1,800 -$300

Scores at the end of the Jeopardy! Round:

Maria Edgar Susan
$1,400 $3,400 $700

Double Jeopardy! Round responses

SCI.
"FI"
LET'S FLY
JAI ALAI
EAT THAI
CRY
    $200 7
Prism

Edgar
    $200 15
Fife

Edgar
    $200 6
Superman

Edgar
    $200 26
(E: What is 1?)
(Alex: The fourth wall is for the viewers.)

3

Edgar
Triple Stumper
    $200 21
Rice

Maria
    $200 1
Paula Jones

Susan
    $400 8
Bark

Edgar
    $400 16
Fiat

Edgar
    $400 12
Kite

Edgar
    $400 27
Florida

Susan
    $400 22
Coconut

Maria
    $400 2
Tammy Faye (Bakker)

Susan
    $600 9
Lever

Edgar
    $600 17
Final Jeopardy

Susan
    $600 13
"The Daring Young Man on the Flying Trapeze"

Maria
    $600 28
Ball

Edgar
    $600 23
Pad

Susan
    $600 3
Gary Cooper

Susan
    $800 10
Primates

Triple Stumper
    $800 19
Finite

Edgar
    $800 14
Willie Mays

Triple Stumper
    $800 29
Saint Ignatius Loyola

Edgar
    $800 24
Satay

Triple Stumper
    $1,000 4
(S: Who is McGovern?)

Edmund Muskie

Susan
    $1,810 11
Polymers

Edgar
    $1000 20
Firewall

Triple Stumper
    $1000 18
Tern

Triple Stumper
    $1000 30
Basques

Susan
    $1000 25
(minute to go...)

Catfish

Susan
    $1000 5
Iron Eyes Cody

Triple Stumper

Scores at the end of the Double Jeopardy! Round:

Maria Edgar Susan
$2,600 $9,610 $4,500
(lock game)

[wagering suggestions for these scores]

Final Jeopardy! Round responses

LANDMARKS
(Alex: Maria, we had to have the correct name of the statue.)
MariaWhat is the Copenhagen Mermaid?
$2,599
SusanWhat is the Little Mermaid?
$800
EdgarWhat is the Little Mermaid?
$390
the Little Mermaid

Final scores:

Maria Edgar Susan
$1 $10,000 $5,300
3rd place: a Bushnell Astronomical reflector telescope New champion: $10,000 2nd place: a Techmedia desktop computer + a Broyhill home office armoire

Game dynamics:

Coryat scores:

Maria Edgar Susan
$2,600 $8,400 $5,500
9 R,
1 W
22 R
(including 2 DDs),
1 W
13 R,
2 W
(including 1 DD)

Combined Coryat: $16,500

[game clues] [game scores] [suggest correction]

Game tape date: Unknown
The J! Archive is created by fans, for fans. Scraping, republication, monetization, and malicious use prohibited; this site may use cookies and collect identifying information. See terms. The Jeopardy! game show and all elements thereof, including but not limited to copyright and trademark thereto, are the property of Jeopardy Productions, Inc. and are protected under law. This website is not affiliated with, sponsored by, or operated by Jeopardy Productions, Inc. Join the discussion at JBoard.tv.